Процессы теплообмена в энергомашиностроении: Тезисы докладов регионального межвузовского семинара

Bibliografske podrobnosti
Jezik:ruščina
Izdano: Воронеж, Изд-во Воронежского ГТУ, 1996
Teme:
Format: Knjiga
KOHA link:https://koha.lib.tpu.ru/cgi-bin/koha/opac-detail.pl?biblionumber=3223

MARC

LEADER 00000nam0a2200000 4500
001 3223
005 20231030174358.0
035 |a (RuTPU)RU\TPU\book\3239 
035 |a BOOK00003247 
090 |a 3223 
100 |a 20011209d1996 k y0rusy50 ca 
101 0 |a rus 
102 |a RU 
105 |a y z 100zy 
200 1 |a Процессы теплообмена в энергомашиностроении  |e Тезисы докладов регионального межвузовского семинара 
210 |a Воронеж  |c Изд-во Воронежского ГТУ  |d 1996 
215 |a 70 с. 
610 1 |a теплообмен 
610 1 |a энергомашиностроение 
675 |a 536.24(063)  |v 3 
801 0 |a RU  |b 63413507  |c 20011209  |g PSBO 
801 2 |a RU  |b 63413507  |c 20071025  |g PSBO 
942 |c BK